000 01387cam a22003737a 4500
001 13083995
003 Nust- CAS-E
005 20180118181408.0
008 030205s2003 nyua 001 0 eng d
010 _a 2003101892
015 _aGBA3-Y0666
016 7 _a0764539698
_2Uk
020 _a0764539698 (pbk.)
040 _aStDuBDS
_cStDuBDS
_dUk
_dCStRLIN
_dDLC
042 _alccopycat
050 0 0 _aQA76.76.O63
_bT38885 2003
082 0 4 _a005.44769
_221
_b005.44769 TAY-S
100 1 _aTaylor, Dave,
_d1962-
245 1 0 _aSolaris 9 for dummies /
_cby Dave Taylor.
260 _aNew York :
_bWiley,
_c2003.
300 _axx, 354 p. :
_bill. ;
_c24 cm.
440 0 _a--For dummies
500 _aIncludes index.
502 _a0
630 0 0 _aSolaris (Computer file)
650 0 _aOperating systems (Computers)
856 4 2 _3Contributor biographical information
_uhttp://www.loc.gov/catdir/bios/wiley046/2003101892.html
856 4 1 _3Table of contents
_uhttp://www.loc.gov/catdir/toc/wiley041/2003101892.html
856 4 2 _3Publisher description
_uhttp://www.loc.gov/catdir/description/wiley039/2003101892.html
906 _a7
_bcbc
_ccopycat
_d3
_encip
_f20
_gy-gencatlgc
942 _2ddc
_cBK
999 _c355646
_d355646